000 006000000a22002050004500
003 LK-CoMWRAF
005 20231027152354.0
008 230817t1993 ||||| |||| 00| 0 eng d
020 _a9559052152
040 _aLK-CoMWRAF
_dLK-CoMWRAF
_eLK-CoMWRAF
041 _aeng
082 _a305.23
_bSHA
245 _aShadows and vistas:
_bon being a girl child in Sri Lanka
260 _aColombo:
_bCentre for Women's Research,
_c1993
300 _a308 p. ; 24 cm.
650 _aGIRLS-SRI LANKA
650 _aGirls--Sri Lanka--Social conditions.
650 _aWomen--Education--Sri Lanka.
942 _cBK
999 _c2631
_d2631